000 01139cam a2200241 4500
008 020909n2002 000 0 eng u
020 _a0727731270
035 _a(Sirsi) u119614
041 _aeng.
050 _a711.73
110 _aConstruction Industry Council
_92417
245 _aIntegrated transport and land use planning: the facts, fiction, fallacies and future of the government's integrated transport and land use planning strategies...plus answers to a good few mysteries.
260 _aLondon
_bThomas Telford
_c2002
300 _axix,108p.
_c31cm.
350 _a30
520 _aThis report is built upon the initiatives of Lord Rogers' Urban Renaissance Task Group and the Urban and Rural White Papers. Its principal aim is to contribute clarity to the national, regional and local debate among politicians and laypersons alike. The report is aimed at all those who have a vested interest in transport and its spatial environment.
650 _aLAND USE PLANNING
650 _aTRANSPORT
650 _aSPATIAL DEVELOPMENT STRATEGY
650 _aPLANNING
690 _aTRANSPORT AND COMMUNICATIONS
942 _n0
999 _c102341
_d102341